All wrapped up / (Record no. 5181)

MARC details
000 -LEADER
fixed length control field 00956nam a22002897a 4500
001 - CONTROL NUMBER
control field 5181
003 - CONTROL NUMBER IDENTIFIER
control field FISKH
005 - DATE AND TIME OF LATEST TRANSACTION
control field 20241118102012.0
008 - FIXED-LENGTH DATA ELEMENTS--GENERAL INFORMATION
fixed length control field 241118b cb ||||| |||| 00| 0 eng d
020 ## - INTERNATIONAL STANDARD BOOK NUMBER
International Standard Book Number 9780516219493
040 ## - CATALOGING SOURCE
Original cataloging agency FISKH
Language of cataloging eng
Transcribing agency FISKH
Modifying agency FISKh
050 ## - LIBRARY OF CONGRESS CALL NUMBER
Classification number PZ7.C12945
100 ## - MAIN ENTRY--PERSONAL NAME
Personal name S. Callahan, Thera
245 ## - TITLE STATEMENT
Title All wrapped up /
Statement of responsibility, etc. Written by Thera S. Callahan Illustrated by Mike Gordon
250 ## - EDITION STATEMENT
Edition statement Published in 2003
260 ## - PUBLICATION, DISTRIBUTION, ETC.
Place of publication, distribution, etc. Canada :
Name of publisher, distributor, etc. Children's Press,
Date of publication, distribution, etc. 2003.
300 ## - PHYSICAL DESCRIPTION
Extent 31 pages :
Other physical details Color illustrations ;
Dimensions 18 cm
505 ## - FORMATTED CONTENTS NOTE
Formatted contents note E<br/>
520 ## - SUMMARY, ETC.
Summary, etc. When a brother and sister run out of tape while tryng to wrap their dad's birthday present, they use various other sticky substances to make the paper stick.
521 8# - TARGET AUDIENCE NOTE
Target audience note 290L<br/>
Source Lexile<br/>
521 8# - TARGET AUDIENCE NOTE
Target audience note E<br/>
Source Raz-Plus<br/>
650 ## - SUBJECT ADDED ENTRY--TOPICAL TERM
Source of heading or term Fiction
Topical term or geographic name entry element Giving
650 ## - SUBJECT ADDED ENTRY--TOPICAL TERM
Source of heading or term Siblings
Topical term or geographic name entry element Open Library
700 ## - ADDED ENTRY--PERSONAL NAME
Personal name Gordon, Mike
Dates associated with a name Illustrator
942 ## - ADDED ENTRY ELEMENTS (KOHA)
Source of classification or shelving scheme Dewey Decimal Classification
Koha item type Books
Suppress in OPAC No
Holdings
Withdrawn status Lost status Source of classification or shelving scheme Damaged status Not for loan Collection Home library Current library Shelving location Date acquired Total Checkouts Full call number Barcode Date last seen Copy number Price effective from Koha item type
    Dewey Decimal Classification     Fiction Footprints International School Library Network Toul Kork Campus Footprints International School Library Network Toul Kork Campus TK Primary Library Room(4th Floor), Bookcase 7, Shelves 57-60, Dark Green Books 11/18/2024   CAL PZ7.C12945 FISTK03261 11/18/2024 1 11/18/2024 Books